1194 1858 1496 1648 1803 1329 1639 1606 1285 1685 1524 1556 1871 1255 1450 1889 1519 1683 1699 1953 1370 1052 1923 1100 1311 1738 1678 1245 1657 1960 1354 1750 1595 1889 1765 1796 1122 1144 1507 1252 1031 1653 1282 1257 1398 1045 1065 1626 1229 1954 1355 1128 1598 1522 1518 1923 1763 1258 1474 1985 1732 1624 1827 1456 1764 1048 1159 1596 1450 1861 1891 1518 1359 1700 1292 1705 1715 1821 1578 1596 1687 1460 1823 1603 1173 1241 1247 1718 1537 1439 1101 1853 1473 1357 1951 1392 1599 1484 1909 BCNSPRNW ULIB Ver.6.0+V

เปลี่ยนเป็นภาษาไทย

Change to English
 แสดงรายละเอียดบรรณานุกรม
  กลับหน้าหลัก

Brief Record : Get Marc (ISO 2709) : E-mail record : QR code < ปิดหน้าต่าง
LEADER : 00000nam 2200000uu 4500
001    13399113513
003     ULIB
008    110627s2550||||th 000 0 tha d
020    9789749450017
090    นว.^bA111ซ ล.1 2550
100 0  Angie Sage
245 00 เซ็ปติมัส ฮีป ปาฏิหาริย์หมายเลขเจ็ด 1 ทายาทราชินี/^cAngie Sage
250    พิมพ์ครั้งที่ 2
260    กรุงเทพฯ :^bนานมีบุ๊คส์,^c2550
300    528 หน้า
710 1  นานมีบุ๊คส์
945    ^p298^l0^i022068
995    ทศพร
999 ^a ใช้งานได้ทุกระบบ
รายการนี้ยังไม่มีแท็ก
คุณยังไม่ได้ล็อกอิน คุณสามารถมีกิจกรรมร่วมกับเว็บไซต์ได้ แต่ต้องล็อกอินก่อน ::
  ล็อกอิน

รายการสื่อสารสนเทศ

ลำดับที่ ประเภท เลขเรียก/บาร์โค้ด สถานที่ สถานะ
1. นวนิยาย
นวนิยาย
นว. A111ซ ล.1 2550 ฉ.1 
  Barcode: 022068
ห้องสมุดวิทยาเขตสวรรค์ประชารักษ์
►นวนิยาย
บนชั้น
  ขอยืม

รายการใกล้เคียง
    ผู้แต่ง [Angie Sage]

BibComment


ยังไม่เคยถูกคอมเมนท์

คอมเมนท์ทรัพยากรรายการนี้
  คอมเมนท์: เซ็ปติมัส ฮีป ปาฏ..


 Copyright 2026. Bcnsprnw @Library